00279nam a2200109Ia 4500008004100000041001200041100001600053245007200069260000600141650000600147700001600153221030s9999 xx 000 0 und d aEnglish aR. L. Kruse 0aData Structures and Program DesignIn Ccby R. L. Kruse, Tondo, C. L c0 aB aTondo, C. L